[Event "Niteroi op 3rd"]
[Site "Niteroi"]
[Date "2023.09.07"]
[Round "5"]
[White "Da Cunha, Fabio Barbosa"]
[Black "Hubner, Jessica Trindade"]
[Result "1-0"]
[WhiteElo "2077"]
[BlackElo "1717"]
[PlyCount "61"]
[EventDate "2023.09.04"]
[EventType "swiss"]
[EventRounds "9"]
[EventCountry "BRA"]
[SourceTitle "EXT 2024"]
[Source "ChessBase"]
[SourceDate "2023.10.10"]
[SourceVersion "1"]
[SourceVersionDate "2023.10.10"]
[SourceQuality "1"]

1. e4 c5 2. Nf3 g6 3. d4 cxd4 4. Nxd4 Bg7 5. Nc3 Nc6 6. Be3 Nf6 7. Bc4 0-0 8. Bb3 d6 9. f3 Na5 10. Qd2 Nxb3 11. cxb3 Bd7 12. 0-0-0 a5 13. a3 Qc7 14. Kb1 Rfc8 15. Rc1 Qd8 16. a4 e5 17. Ndb5 Be6 18. Nxd6 Rc6 19. Nc4 Bxc4 20. Qxd8+ Rxd8 21. bxc4 Rxc4 22. Rhd1 Ra8 23. g4 Ne8 24. Rd7 Nc7 25. Rcd1 Bf8 26. Rd8 Ra6 27. Rc8 Rac6 28. Rb8 Rb4 29. Nd5 Nxd5 30. Rxd5 Rc7 31. Rdd8 1-0

[Event "Niteroi op 3rd"]
[Site "Niteroi"]
[Date "2023.09.06"]
[Round "4"]
[White "Hubner, Jessica Trindade"]
[Black "Vargas, Victor da Silva"]
[Result "1-0"]
[WhiteElo "1717"]
[BlackElo "1417"]
[PlyCount "94"]
[EventDate "2023.09.04"]
[EventType "swiss"]
[EventRounds "9"]
[EventCountry "BRA"]
[SourceTitle "EXT 2024"]
[Source "ChessBase"]
[SourceDate "2023.10.10"]
[SourceVersion "1"]
[SourceVersionDate "2023.10.10"]
[SourceQuality "1"]

1. e4 e5 2. Nf3 Nc6 3. Bb5 a6 4. Ba4 Bc5 5. c3 b5 6. Bc2 d6 7. d4 exd4 8. cxd4 Bb4+ 9. Bd2 Bxd2+ 10. Nbxd2 Nge7 11. h3 0-0 12. 0-0 Ng6 13. Re1 Re8 14. Nf1 Bb7 15. a4 Na5 16. axb5 axb5 17. Qd3 Nc4 18. Ng3 d5 19. e5 b4 20. Qb3 Qe7 21. Nf5 Qf8 22. Bd3 Nf4 23. Bf1 g6 24. Ne3 c5 25. Nxc4 dxc4 26. Bxc4 cxd4 27. Rxa8 Rxa8 28. Rd1 Rd8 29. Rxd4 Rxd4 30. Nxd4 Bxg2 31. Qg3 Bd5 32. Qxf4 Bxc4 33. Nc6 Qc5 34. Qf6 Be6 35. Qd8+ Qf8 36. Qxf8+ Kxf8 37. Nxb4 Bxh3 38. Kh2 Be6 39. Nd3 Ke7 40. b4 h6 41. Nc5 Bc4 42. Kg3 Kd8 43. Nb7+ Kc7 44. Nd6 Be6 45. b5 Kb6 46. Kh4 Ka5 47. Kg3 Kb6 1-0

[Event "Rio de Janeiro Duchamp op 4th"]
[Site "Rio de Janeiro"]
[Date "2022.12.13"]
[Round "8"]
[White "De Souza Monteiro, Marcos Paulo"]
[Black "Hubner, Jessica Trindade"]
[Result "1-0"]
[WhiteElo "1885"]
[BlackElo "1706"]
[PlyCount "65"]
[EventDate "2022.12.07"]
[EventType "swiss"]
[EventRounds "9"]
[EventCountry "BRA"]
[SourceTitle "EXT 2024"]
[Source "ChessBase"]
[SourceDate "2023.10.10"]
[SourceVersion "1"]
[SourceVersionDate "2023.10.10"]
[SourceQuality "1"]

1. d4 d5 2. c4 e6 3. Nc3 Nf6 4. cxd5 exd5 5. Bg5 Be7 6. e3 0-0 7. Bd3 c6 8. Nge2 Ne4 9. Bxe7 Qxe7 10. Bxe4 dxe4 11. Ng3 f5 12. 0-0 Be6 13. b3 Nd7 14. d5 cxd5 15. Nxd5 Qf7 16. Nc7 Rad8 17. Qd6 f4 18. Nxe6 Qg6 19. exf4 Nb6 20. Qe5 Rfe8 21. f5 Qh6 22. Nxe4 Rd5 23. Qg3 Rd7 24. Rad1 Rde7 25. Nd6 Ra8 26. Rfe1 Qf6 27. Qg4 Qc3 28. Ne4 Qc6 29. Nf6+ Kh8 30. Nxh7 Nd7 31. Qh4 g5 32. fxg6 Rxe6 33. Ng5+ 1-0

[Event "Rio de Janeiro Duchamp op 4th"]
[Site "Rio de Janeiro"]
[Date "2022.12.07"]
[Round "1"]
[White "Fernandez, Maria Florencia"]
[Black "Hubner, Jessica Trindade"]
[Result "1-0"]
[WhiteElo "2196"]
[BlackElo "1706"]
[PlyCount "107"]
[EventDate "2022.12.07"]
[EventType "swiss"]
[EventRounds "9"]
[EventCountry "BRA"]
[SourceTitle "CBM 211 Extra"]
[Source "ChessBase"]
[SourceDate "2023.01.31"]
[SourceVersion "1"]
[SourceVersionDate "2023.01.31"]
[SourceQuality "1"]

1. d4 Nf6 2. c4 g6 3. Nc3 Bg7 4. e4 d6 5. Be2 b6 6. Be3 Bb7 7. f3 Nbd7 8. Qd2 c5 9. d5 h5 10. Nh3 a6 11. Nf2 Qc7 12. 0-0-0 0-0-0 13. Kb1 Kb8 14. Rc1 Rhe8 15. Nh3 Nh7 16. Rhd1 Ndf8 17. Ng5 Nxg5 18. Bxg5 Nh7 19. Bh6 Bh8 20. Qc2 Bc8 21. Bd2 Bd7 22. a3 Kb7 23. Na2 Bg7 24. Ka1 Ka7 25. Bc3 Bh6 26. Rb1 Rb8 27. b4 Rec8 28. Rb2 Nf6 29. Rdb1 h4 30. Bd3 Bf4 31. Qf2 Bxh2 32. Qxh4 Rh8 33. Qf2 Be5 34. Bxe5 dxe5 35. Nc3 Rhc8 36. Na2 Nh5 37. Nc1 f6 38. Bf1 cxb4 39. axb4 Ra8 40. c5 Rcb8 41. Ra2 Kb7 42. c6+ Bxc6 43. Rc2 Qd8 44. Rxc6 a5 45. bxa5 Rxa5+ 46. Na2 Ka7 47. Qc2 Rb7 48. Rb5 Ra6 49. Rb4 Ra5 50. Ra4 Kb8 51. Rxa5 bxa5 52. Ba6 Rc7 53. Qb2+ Ka8 54. Qb6 1-0

[Event "BRA Amateur-ch U1800"]
[Site "Sao Paulo"]
[Date "2022.11.06"]
[Round "7"]
[White "Gomes, Carlos"]
[Black "Hubner, Jessica Trindade"]
[Result "0-1"]
[WhiteElo "1532"]
[BlackElo "1725"]
[PlyCount "74"]
[EventDate "2022.11.03"]
[EventType "swiss"]
[EventRounds "7"]
[EventCountry "BRA"]
[SourceTitle "CBM 211 Extra"]
[Source "ChessBase"]
[SourceDate "2023.01.31"]
[SourceVersion "1"]
[SourceVersionDate "2023.01.31"]
[SourceQuality "1"]

1. e4 c5 2. Nf3 Nc6 3. Nc3 g6 4. d3 Bg7 5. Bd2 Nf6 6. g3 d5 7. exd5 Nxd5 8. Bg2 Bg4 9. h3 Be6 10. 0-0 h6 11. Qc1 Qd7 12. Kh2 g5 13. Ng1 Be5 14. Nxd5 Bxd5 15. Bxd5 Qxd5 16. Bc3 Nd4 17. Qe3 Bd6 18. Qe4 Qxe4 19. dxe4 e5 20. Rad1 0-0-0 21. Bxd4 exd4 22. Kg2 Rhe8 23. Rfe1 Re6 24. Re2 Rde8 25. Rde1 b5 26. g4 Rh8 27. f3 h5 28. Kf1 hxg4 29. hxg4 Bf4 30. Rg2 Reh6 31. Ke2 Rh2 32. Rxh2 Rxh2+ 33. Kd1 Be3 34. Ne2 Rf2 35. Ng1 Rd2+ 36. Kc1 Rg2+ 37. Kd1 Rxg1 0-1

[Event "Rio de Janeiro op"]
[Site "Rio de Janeiro"]
[Date "2022.04.24"]
[Round "6"]
[White "Hubner, Jessica Trindade"]
[Black "Fernandini, Felipe Piacente"]
[Result "1-0"]
[WhiteElo "1725"]
[BlackElo "1382"]
[PlyCount "61"]
[EventDate "2022.04.21"]
[EventType "swiss"]
[EventRounds "6"]
[EventCountry "BRA"]
[SourceTitle "EXT 2023"]
[Source "ChessBase"]
[SourceDate "2022.10.05"]
[SourceVersion "1"]
[SourceVersionDate "2022.10.05"]
[SourceQuality "1"]

1. e4 c5 2. Nf3 d6 3. d4 cxd4 4. Nxd4 Nf6 5. Nc3 a6 6. Be2 e5 7. Nb3 Be7 8. Be3 Be6 9. h3 Nbd7 10. Qd2 b5 11. a3 Qc7 12. g4 Bxb3 13. cxb3 Nc5 14. Qc2 Rc8 15. g5 Nfd7 16. Nd5 Qd8 17. Nxe7 Qxe7 18. b4 0-0 19. bxc5 Nxc5 20. Rc1 Qb7 21. Bf3 b4 22. 0-0 b3 23. Qd2 Nxe4 24. Qd3 d5 25. Rxc8 Rxc8 26. Rd1 Qe7 27. Bxe4 dxe4 28. Qxb3 h6 29. gxh6 Qh4 30. Kh2 Qh5 31. Rg1 1-0

[Event "Florianopolis op 8th"]
[Site "Florianopolis"]
[Date "2022.01.29"]
[Round "8"]
[White "Fischer, Ivo Lucio"]
[Black "Hubner, Jessica Trindade"]
[Result "1-0"]
[WhiteElo "2004"]
[BlackElo "1752"]
[PlyCount "96"]
[EventDate "2022.01.24"]
[EventType "swiss"]
[EventRounds "10"]
[EventCountry "BRA"]
[SourceTitle "EXT 2023"]
[Source "ChessBase"]
[SourceDate "2022.10.05"]
[SourceVersion "1"]
[SourceVersionDate "2022.10.05"]
[SourceQuality "1"]

1. d4 Nf6 2. c4 e6 3. Nc3 Bb4 4. f3 c5 5. d5 Bxc3+ 6. bxc3 d6 7. e4 0-0 8. Bg5 h6 9. Bh4 e5 10. Bd3 Nbd7 11. Nh3 Qa5 12. Qb3 Re8 13. 0-0 Nh5 14. Rfd1 g5 15. Be1 Nf4 16. Nf2 Nf6 17. Bf1 Bd7 18. a4 Rab8 19. g3 Ng6 20. Bd2 Nh7 21. Bh3 Qc7 22. Bxd7 Qxd7 23. Qc2 Rf8 24. Ng4 Kg7 25. Ne3 Ne7 26. g4 f6 27. Kg2 Qe8 28. Rh1 Rh8 29. h4 Nf8 30. h5 Nd7 31. Rhb1 Qd8 32. a5 b6 33. axb6 axb6 34. Ra7 Ra8 35. Rba1 Rc8 36. Rb7 Rc7 37. Raa7 Rxb7 38. Rxb7 Qc8 39. Ra7 Rd8 40. Qa4 Kf8 41. Kf1 Ke8 42. Ke2 Qb8 43. Kd1 Nc8 44. Ra8 Qb7 45. Qc6 Qxc6 46. dxc6 Ne7 47. cxd7+ Kxd7 48. Rxd8+ Kxd8 1-0

[Event "Rio de Janeiro Cortinhas Memorial 3rd"]
[Site "Rio de Janeiro"]
[Date "2019.04.28"]
[Round "3"]
[White "Ferreira, Mateus Benedito Mar"]
[Black "Hubner, Jessica Trindade"]
[Result "1/2-1/2"]
[WhiteElo "1653"]
[BlackElo "1770"]
[PlyCount "98"]
[EventDate "2019.04.27"]
[EventType "swiss"]
[EventRounds "6"]
[EventCountry "BRA"]
[SourceTitle "CBM 190 Extra"]
[Source "ChessBase"]
[SourceDate "2019.07.15"]
[SourceVersion "1"]
[SourceVersionDate "2019.07.15"]
[SourceQuality "1"]

1. e4 c5 2. Nf3 Nc6 3. Nc3 d6 4. d4 cxd4 5. Nxd4 a6 6. Bc4 g6 7. Be3 Bg7 8. 0-0 Nf6 9. f3 0-0 10. Qd2 Bd7 11. Rad1 Rc8 12. Nxc6 Bxc6 13. Bb3 b5 14. Ne2 Qc7 15. Nd4 Bb7 16. Bh6 Qc5 17. Kh1 Qh5 18. Bxg7 Kxg7 19. Ne2 Rfd8 20. Ng3 Qe5 21. c3 Qc5 22. Rfe1 e6 23. f4 Ng4 24. Re2 d5 25. e5 Qe7 26. h3 Qh4 27. Qe1 Kg8 28. Kg1 Nh6 29. Bc2 Qxf4 30. Rd4 Qg5 31. h4 Qe7 32. h5 Rc4 33. Qd2 Rxd4 34. cxd4 Kg7 35. Qf4 Rf8 36. Rf2 f6 37. hxg6 hxg6 38. exf6+ Rxf6 39. Qh4 Nf5 40. Qg5 Nxg3 41. Qxg3 Qf7 42. Qe5 Qe7 43. Rf3 Kf7 44. Rh3 Kg8 45. Bxg6 Qg7 46. Bh7+ Kf7 47. Qc7+ Kf8 48. Qd8+ Kf7 49. Qd7+ Kf8 1/2-1/2

[Event "BRA-ch (Women) 58th"]
[Site "Rio de Janeiro"]
[Date "2019.02.17"]
[Round "1.2"]
[White "Hubner, Jessica Trindade"]
[Black "Ichimura G Barbosa, Larissa Yuki"]
[Result "0-1"]
[WhiteElo "1790"]
[BlackElo "1983"]
[PlyCount "66"]
[EventDate "2019.02.16"]
[EventType "k.o."]
[EventRounds "4"]
[EventCountry "BRA"]
[SourceTitle "CBM 189 Extra"]
[Source "ChessBase"]
[SourceDate "2019.06.03"]
[SourceVersion "1"]
[SourceVersionDate "2019.06.03"]
[SourceQuality "1"]

1. Nf3 Nf6 2. c4 g6 3. d4 Bg7 4. Nc3 0-0 5. e4 d6 6. Be2 e5 7. d5 Na6 8. 0-0 Nc5 9. Bg5 a5 10. Nd2 h6 11. Be3 Bd7 12. f4 exf4 13. Rxf4 g5 14. Rf1 Qe7 15. Bxc5 dxc5 16. Bd3 Ng4 17. Qe2 Bd4+ 18. Kh1 Ne3 19. Rfc1 Bg4 20. Nf3 Qf6 21. Rab1 Qf4 22. Re1 Rae8 23. Nb5 Nf5 24. Qd2 Be3 25. Qe2 Bd4 26. Qd2 Be3 27. Qd1 Nh4 28. Rf1 Nxf3 29. gxf3 Bh3 30. Re1 Bf2 31. Qe2 Bxe1 32. Rxe1 f5 33. e5 Rxe5 0-1

[Event "BRA-ch (Women) 58th"]
[Site "Rio de Janeiro"]
[Date "2019.02.16"]
[Round "1.1"]
[White "Ichimura G Barbosa, Larissa Yuki"]
[Black "Hubner, Jessica Trindade"]
[Result "1-0"]
[WhiteElo "1983"]
[BlackElo "1790"]
[PlyCount "101"]
[EventDate "2019.02.16"]
[EventType "k.o."]
[EventRounds "4"]
[EventCountry "BRA"]
[SourceTitle "CBM 189 Extra"]
[Source "ChessBase"]
[SourceDate "2019.06.03"]
[SourceVersion "1"]
[SourceVersionDate "2019.06.03"]
[SourceQuality "1"]

1. e4 c6 2. d4 d5 3. exd5 cxd5 4. c4 Nc6 5. Nf3 Bg4 6. Nc3 Nf6 7. cxd5 Nxd5 8. Qb3 Bxf3 9. gxf3 Nb6 10. d5 Nd4 11. Qd1 e5 12. dxe6 fxe6 13. Be3 Nc6 14. Qb3 Qf6 15. Bh3 Qxf3 16. Qxe6+ Be7 17. Rg1 Qf6 18. 0-0-0 Qxe6 19. Bxe6 Nd8 20. Bh3 0-0 21. Bxb6 axb6 22. Rd7 Bf6 23. Nd5 Kh8 24. Nxf6 Rxf6 25. Rgxg7 Rxf2 26. Rxh7+ Kg8 27. Rdg7+ Kf8 28. Rc7 Kg8 29. Rcg7+ Kf8 30. a3 Rxh2 31. Rg2 Rxg2 32. Bxg2 Rb8 33. Bd5 Ke8 34. Kc2 Rc8+ 35. Kb3 Rc5 36. Bxb7 Nc6 37. Bxc6+ Rxc6 38. Kb4 Kd8 39. Kb5 Rf6 40. Rb7 Rf2 41. b4 Ra2 42. a4 Rb2 43. Rxb6 Kc7 44. Ka6 Rd2 45. b5 Rd4 46. a5 Rd8 47. Ka7 Rf8 48. Rh6 Rf7 49. b6+ Kc8+ 50. Ka8 Rf8 51. Rh7 1-0

[Event "Florianopolis op 5th"]
[Site "Florianopolis"]
[Date "2019.01.26"]
[Round "8"]
[White "Meirelles, Olyntho Vitoria"]
[Black "Hubner, Jessica Trindade"]
[Result "0-1"]
[WhiteElo "1458"]
[BlackElo "1899"]
[PlyCount "109"]
[EventDate "2019.01.21"]
[EventType "swiss"]
[EventRounds "10"]
[EventCountry "BRA"]
[SourceTitle "CBM 188 Extra"]
[Source "ChessBase"]
[SourceDate "2019.02.26"]
[SourceVersion "1"]
[SourceVersionDate "2019.02.26"]
[SourceQuality "1"]

1. e4 c5 2. Nf3 d6 3. Bb5+ Bd7 4. Qe2 a6 5. Bxd7+ Qxd7 6. d3 g6 7. Be3 Bg7 8. c3 Nf6 9. Qd2 0-0 10. Bh6 Qg4 11. Bxg7 Kxg7 12. 0-0 Nc6 13. h3 Qd7 14. Na3 b5 15. Nc2 a5 16. d4 Nxe4 17. Qe3 d5 18. dxc5 e6 19. Rad1 Qe7 20. b4 axb4 21. cxb4 Rxa2 22. Qb3 Rfa8 23. Ra1 R2a6 24. Rxa6 Rxa6 25. Ra1 Qa7 26. Rxa6 Qxa6 27. Qb2+ f6 28. Nfd4 e5 29. Nxc6 Qxc6 30. f3 Ng5 31. Qa3 Ne6 32. Qa7+ Nc7 33. Na3 Kf8 34. Qb8+ Ke7 35. Qh8 Ke6 36. Qxh7 g5 37. g4 Na6 38. Qg8+ Kd7 39. Qf7+ Kc8 40. Qf8+ Kb7 41. Qe7+ Nc7 42. Kf2 Qa6 43. Nxb5 Qxb5 44. Qxf6 Qxb4 45. c6+ Ka6 46. Qxe5 Qc5+ 47. Qe3 d4 48. Qd3+ Kb6 49. Ke2 Kxc6 50. Kf2 Ne6 51. Qe4+ Kd6 52. h4 Qd5 53. Qxd5+ Kxd5 54. f4 Ng7 55. f5 0-1

[Event "Florianopolis op 5th"]
[Site "Florianopolis"]
[Date "2019.01.25"]
[Round "7"]
[White "Hubner, Jessica Trindade"]
[Black "Dutra, Liliam Guedes"]
[Result "1/2-1/2"]
[WhiteElo "1899"]
[BlackElo "1443"]
[PlyCount "106"]
[EventDate "2019.01.21"]
[EventType "swiss"]
[EventRounds "10"]
[EventCountry "BRA"]
[SourceTitle "CBM 188 Extra"]
[Source "ChessBase"]
[SourceDate "2019.02.26"]
[SourceVersion "1"]
[SourceVersionDate "2019.02.26"]
[SourceQuality "1"]

1. e4 c5 2. Nf3 e6 3. d4 cxd4 4. Nxd4 d6 5. Be3 Nc6 6. Bb5 Bd7 7. 0-0 Nf6 8. Nc3 Be7 9. f4 0-0 10. Be2 a6 11. Bf3 Rc8 12. Nde2 b5 13. a3 e5 14. f5 Re8 15. Qe1 Na5 16. b3 Nc6 17. Qg3 Bf8 18. Bg5 Qb6+ 19. Kh1 Be7 20. Bxf6 Bxf6 21. Nd5 Qd8 22. c3 Bh4 23. Qh3 Bg5 24. Bg4 f6 25. Bh5 Rf8 26. Bg4 Ne7 27. Qd3 Bc6 28. Ne3 d5 29. exd5 Nxd5 30. Nxd5 Bxd5 31. Qc2 Qc7 32. Bf3 Qb7 33. Rad1 Bxf3 34. Rxf3 Qc7 35. Qe4 Rfd8 36. Rfd3 Rxd3 37. Qxd3 Qc6 38. Qd5+ Qxd5 39. Rxd5 Rc6 40. g3 g6 41. h4 Bh6 42. fxg6 hxg6 43. Kg2 g5 44. hxg5 Bxg5 45. Kf3 Kh7 46. g4 Kg6 47. Ke4 Bh4 48. Rd2 Bf2 49. Rd3 Kg5 50. Kf3 Be1 51. Ng3 Bxg3 52. Kxg3 Rc5 53. Kf3 a5 1/2-1/2

[Event "Florianopolis op 5th"]
[Site "Florianopolis"]
[Date "2019.01.23"]
[Round "4"]
[White "Hubner, Jessica Trindade"]
[Black "Belmonte, Dulce"]
[Result "0-1"]
[WhiteElo "1899"]
[BlackElo "1570"]
[PlyCount "82"]
[EventDate "2019.01.21"]
[EventType "swiss"]
[EventRounds "10"]
[EventCountry "BRA"]
[SourceTitle "CBM 188 Extra"]
[Source "ChessBase"]
[SourceDate "2019.02.26"]
[SourceVersion "1"]
[SourceVersionDate "2019.02.26"]
[SourceQuality "1"]

1. e4 e6 2. d4 d5 3. exd5 exd5 4. Nf3 Bd6 5. Be2 Ne7 6. Bg5 Bf5 7. Bd3 Qd7 8. 0-0 Nbc6 9. c3 f6 10. Be3 g5 11. b4 h5 12. Qd2 Bxd3 13. Qxd3 Nf5 14. Re1 0-0-0 15. Re2 g4 16. Ne1 h4 17. f3 gxf3 18. Nxf3 Rdg8 19. Kh1 h3 20. Nbd2 Qh7 21. Kg1 Ng3 22. Qxh7 Nxe2+ 23. Kf1 Rxh7 24. Kxe2 Rxg2+ 25. Kd3 Bxh2 26. Rh1 Bd6 27. a4 h2 28. Ne1 Rg3 29. Ndf3 Ne7 30. Rxh2 Rxh2 31. Nxh2 Rxe3+ 32. Kxe3 Bxh2 33. Nf3 Bd6 34. Ne1 Kd7 35. Nd3 Ke6 36. a5 Ng6 37. b5 f5 38. Nb2 f4+ 39. Kf3 Nh4+ 40. Kg4 Ng2 41. Nd3 Ne3+ 0-1

[Event "Florianopolis op 5th"]
[Site "Florianopolis"]
[Date "2019.01.22"]
[Round "3"]
[White "Pereira Fo, Hildebrando Apolon"]
[Black "Hubner, Jessica Trindade"]
[Result "1-0"]
[WhiteElo "1595"]
[BlackElo "1899"]
[PlyCount "87"]
[EventDate "2019.01.21"]
[EventType "swiss"]
[EventRounds "10"]
[EventCountry "BRA"]
[SourceTitle "CBM 188 Extra"]
[Source "ChessBase"]
[SourceDate "2019.02.26"]
[SourceVersion "1"]
[SourceVersionDate "2019.02.26"]
[SourceQuality "1"]

1. c4 Nf6 2. Nf3 d6 3. g3 g6 4. b3 Bg7 5. Bb2 c5 6. Bg2 Nc6 7. Nc3 Nd7 8. 0-0 0-0 9. Rb1 Nde5 10. d3 Nxf3+ 11. Bxf3 Bh3 12. Bg2 Bxg2 13. Kxg2 e6 14. e3 d5 15. cxd5 exd5 16. Ne2 Bxb2 17. Rxb2 Qf6 18. Qc1 Ne5 19. Rd1 Qf3+ 20. Kg1 Rac8 21. Rc2 Qf5 22. Nf4 g5 23. e4 dxe4 24. dxe4 Qxe4 25. Re2 Nf3+ 26. Kh1 Qc6 27. Nd5 Rfe8 28. Re7 Nd4 29. Qxg5+ Qg6 30. Qxg6+ hxg6 31. Rxe8+ Rxe8 32. Nf6+ Kf8 33. Nxe8 Kxe8 34. Re1+ Kd7 35. Kg2 Ne6 36. h4 b5 37. Kf3 Nd4+ 38. Ke4 a5 39. Kd5 Ne6 40. Rxe6 fxe6+ 41. Kxc5 a4 42. Kxb5 axb3 43. axb3 Kc7 44. Kc5 1-0

[Event "BRA-ch sf (Women)"]
[Site "Sao Paulo"]
[Date "2018.12.09"]
[Round "5"]
[White "Ribeiro, Regina"]
[Black "Hubner, Jessica Trindade"]
[Result "1-0"]
[WhiteElo "1954"]
[BlackElo "1966"]
[PlyCount "78"]
[EventDate "2018.12.07"]
[EventType "swiss"]
[EventRounds "6"]
[EventCountry "BRA"]
[SourceTitle "EXT 2022"]
[Source "ChessBase"]
[SourceDate "2021.10.06"]
[SourceVersion "1"]
[SourceVersionDate "2021.10.06"]
[SourceQuality "1"]

1. Nf3 d5 2. d4 e6 3. g3 c5 4. Bg2 Nc6 5. 0-0 Nf6 6. c4 b6 7. Nc3 Bb7 8. cxd5 exd5 9. Bg5 Nxd4 10. Nxd4 cxd4 11. Qxd4 Bc5 12. Qa4+ Qd7 13. Qxd7+ Nxd7 14. Nxd5 0-0 15. Rad1 Bxd5 16. Rxd5 Nf6 17. Bxf6 gxf6 18. Rxc5 bxc5 19. Bxa8 Rxa8 20. Rc1 Rb8 21. b3 Rb5 22. Kg2 Kf8 23. Kf3 Ke7 24. Rc4 a5 25. Ke4 Ke6 26. Kd3 Kf5 27. Rf4+ Ke5 28. e4 a4 29. Rf5+ Ke6 30. Kc4 axb3 31. axb3 h6 32. f3 Ra5 33. Rh5 Ra2 34. Rxh6 Rf2 35. f4 Ke7 36. Rh5 Re2 37. Rxc5 Rxe4+ 38. Kd5 Re2 39. Kc4 Re4+ 1-0

[Event "BRA-ch sf (Women)"]
[Site "Sao Paulo"]
[Date "2018.12.08"]
[Round "4"]
[White "Hubner, Jessica Trindade"]
[Black "Reis, Virginia Lagrange M"]
[Result "1-0"]
[WhiteElo "1966"]
[BlackElo "1795"]
[PlyCount "65"]
[EventDate "2018.12.07"]
[EventType "swiss"]
[EventRounds "6"]
[EventCountry "BRA"]
[SourceTitle "EXT 2022"]
[Source "ChessBase"]
[SourceDate "2021.10.06"]
[SourceVersion "1"]
[SourceVersionDate "2021.10.06"]
[SourceQuality "1"]

1. e4 c5 2. Nf3 Nc6 3. c3 g6 4. d4 cxd4 5. cxd4 Bg7 6. Nc3 d6 7. Bc4 Nf6 8. 0-0 0-0 9. d5 Na5 10. Be2 b6 11. Rb1 Bd7 12. b4 Nb7 13. Nd4 Rc8 14. Bb2 Rc7 15. Ncb5 Bxb5 16. Nxb5 Rc8 17. Nxa7 Ra8 18. Nc6 Qd7 19. a4 Nxe4 20. Bxg7 Kxg7 21. Qd4+ Nf6 22. Bb5 Qc7 23. Rfc1 Nd8 24. f4 Kg8 25. Rb3 Ne8 26. f5 Nf6 27. Re3 Nxc6 28. Rxc6 Qb7 29. fxg6 hxg6 30. Rh3 Kg7 31. g4 Kg8 32. g5 Nh7 33. Qh4 1-0

[Event "Rio de Janeiro Padua Memorial 3rd"]
[Site "Rio de Janeiro"]
[Date "2018.11.03"]
[Round "3"]
[White "Mesquita, Arnaldo Leite"]
[Black "Hubner, Jessica Trindade"]
[Result "1/2-1/2"]
[WhiteElo "1749"]
[BlackElo "2043"]
[PlyCount "95"]
[EventDate "2018.11.02"]
[EventType "swiss"]
[EventRounds "6"]
[EventCountry "BRA"]
[SourceTitle "CBM 187 Extra"]
[Source "ChessBase"]
[SourceDate "2018.11.04"]
[SourceVersion "1"]
[SourceVersionDate "2018.11.04"]
[SourceQuality "1"]

1. Nf3 c5 2. c4 Nf6 3. Nc3 g6 4. g3 Bg7 5. Bg2 Nc6 6. 0-0 0-0 7. d3 d6 8. Rb1 Bd7 9. a3 Rb8 10. Bd2 a6 11. Qc1 b5 12. cxb5 axb5 13. Bh6 b4 14. Bxg7 Kxg7 15. Ne4 Nxe4 16. dxe4 Qa5 17. Qe3 bxa3 18. bxa3 f6 19. Nd2 Be6 20. e5 Nd4 21. exf6+ exf6 22. Qd3 Qc7 23. e3 Nc6 24. Ne4 Rbd8 25. Qa6 Bc8 26. Qb6 Rf7 27. Rfd1 Bf5 28. Qxc7 Rxc7 29. Rb6 Ne5 30. Rbxd6 Rxd6 31. Rxd6 Bxe4 32. Bxe4 Ra7 33. Rd5 Nd7 34. Rd3 Kf7 35. Rc3 Ra5 36. Bc6 Ne5 37. Bd5+ Ke7 38. f4 Nd7 39. a4 Rxa4 40. Bc6 Ra5 41. Rb3 Ra7 42. Rc3 Kd6 43. Bb5 Rc7 44. e4 Ke7 45. Kf2 Nf8 46. f5 Nd7 47. Bxd7 Kxd7 48. Ke3 1/2-1/2